| 000 | 00400nam a2200181Ia 4500 | ||
|---|---|---|---|
| 008 | 210210b1951 xxu||||| |||| 00| 0 eng d | ||
| 041 | _aeng | ||
| 082 | _a230/106 | ||
| 100 | _aMcGLYNN (Thomas) | ||
| 245 | _aVision of fatima | ||
| 260 |
_aLondon _bNot Mentioned _c1951 |
||
| 300 | _a160 | ||
| 650 | _aVision | ||
| 650 | _aof | ||
| 650 | _afatima | ||
| 690 | _aChristianity | ||
| 906 | _a001342 | ||
| 999 |
_c116467 _d116467 |
||